Statistics for Numbers 1-300 in One Minute

Click here to take the quiz!

General Stats

  • This quiz has been taken 17 times
  • The average score is 80 of 300

Answer Stats

#% Correct
1
100%
2
100%
10
94%
11
94%
12
94%
13
94%
3
94%
4
94%
5
94%
6
94%
7
94%
8
94%
9
94%
14
88%
15
88%
17
88%
18
88%
19
88%
23
88%
26
88%
30
88%
55
88%
56
88%
16
81%
20
81%
21
81%
22
81%
24
81%
25
81%
28
81%
29
81%
31
81%
32
81%
34
81%
40
81%
43
81%
44
81%
45
81%
46
81%
50
81%
57
81%
27
75%
33
75%
35
75%
36
75%
37
75%
38
75%
39
75%
41
75%
42
75%
47
75%
48
75%
49
75%
51
75%
54
75%
58
75%
66
75%
52
69%
53
69%
59
69%
60
69%
70
69%
61
63%
62
63%
63
63%
64
63%
65
63%
67
63%
68
63%
69
63%
77
63%
100
56%
78
56%
80
56%
82
56%
83
56%
84
56%
87
56%
88
56%
98
56%
71
50%
72
50%
73
50%
74
50%
75
50%
76
50%
79
50%
81
50%
85
50%
86
50%
89
50%
90
50%
93
50%
95
50%
96
50%
97
50%
101
44%
91
44%
92
44%
94
44%
99
44%
102
38%
103
38%
104
38%
105
31%
106
25%
107
25%
108
25%
111
25%
123
25%
109
19%
110
19%
120
19%
124
19%
125
19%
112
13%
113
13%
114
13%
115
13%
116
13%
117
13%
118
13%
119
13%
121
13%
122
13%
126
13%
127
13%
128
13%
129
13%
130
13%
131
13%
132
13%
156
13%
222
13%
133
6%
134
6%
135
6%
136
6%
137
6%
138
6%
139
6%
140
6%
141
6%
142
6%
143
6%
144
6%
145
6%
146
6%
147
6%
148
6%
149
6%
150
6%
151
6%
152
6%
153
6%
154
6%
155
6%
157
6%
158
6%
195
6%
197
6%
198
6%
199
6%
200
6%
227
6%
232
6%
246
6%
248
6%
253
6%
271
6%
282
6%
300
6%
159
0%
160
0%
161
0%
162
0%
163
0%
164
0%
165
0%
166
0%
167
0%
168
0%
169
0%
170
0%
171
0%
172
0%
173
0%
174
0%
175
0%
176
0%
177
0%
178
0%
179
0%
180
0%
181
0%
182
0%
183
0%
184
0%
185
0%
186
0%
187
0%
188
0%
189
0%
190
0%
191
0%
192
0%
193
0%
194
0%
196
0%
201
0%
202
0%
203
0%
204
0%
205
0%
206
0%
207
0%
208
0%
209
0%
210
0%
211
0%
212
0%
213
0%
214
0%
215
0%
216
0%
217
0%
218
0%
219
0%
220
0%
221
0%
223
0%
224
0%
225
0%
226
0%
228
0%
229
0%
230
0%
231
0%
233
0%
234
0%
235
0%
236
0%
237
0%
238
0%
239
0%
240
0%
241
0%
242
0%
243
0%
244
0%
245
0%
247
0%
249
0%
250
0%
251
0%
252
0%
254
0%
255
0%
256
0%
257
0%
258
0%
259
0%
260
0%
261
0%
262
0%
263
0%
264
0%
265
0%
266
0%
267
0%
268
0%
269
0%
270
0%
272
0%
273
0%
274
0%
275
0%
276
0%
277
0%
278
0%
279
0%
280
0%
281
0%
283
0%
284
0%
285
0%
286
0%
287
0%
288
0%
289
0%
290
0%
291
0%
292
0%
293
0%
294
0%
295
0%
296
0%
297
0%
298
0%
299
0%

Score Distribution

Percentile by Number Answered

Percent of People with Each Score

Your Score History

You have not taken this quiz